000 00741pam a22002414a 4500
008
020 _a047152638X (hbk.)
049 _aMAIN
090 _aQA303.2
_bSHI
100 1 _aShifrin, Theodore
245 1 0 _aMultivariable mathematics :
_blinear algebra, multivariable calculus, and manifolds /
_cTheodore Shifrin.
260 _aHoboken :
_bJohn Wiley & Sons,
_cc2005.
300 _axi, 491 p. :
_bill. ;
_c25 cm.
504 _aIncludes bibliographical references.
500 _aIncludes index.
650 0 _aCalculus.
650 0 _aAlgebras, Linear.
907 _a.b10343726
_b27-10-14
_c25-06-14
003
005 20230123122055.0
040 _cNUST
942 _cBOOKS
_kQA303.2
_mSHI
999 _c127348
_d127348